| 000 | 00549nam a2200181 a 4500 | ||
|---|---|---|---|
| 001 | 1769763990947 | ||
| 003 | YourLibrary | ||
| 005 | 20260131161943.0 | ||
| 008 | 260130s2008##################000#0#eng## | ||
| 020 | _a9780073269702 | ||
| 082 | 0 | 4 |
_a332 _bBOD |
| 100 | 1 |
_aBodie, Zvi, _eauthor. |
|
| 245 | 1 | 0 | _aStudent Solutions Manual to Accompany Investments, Seventh Edition [by] Zvi Bodie, Alex Kane, Alan J. Marcus : |
| 260 |
_bMcGraw-Hill/Irwin, _c2008. |
||
| 650 | 0 | _aInvestments. | |
| 942 | _cENGLISH | ||
| 040 |
_aYourLibrary _beng _cYourLibrary |
||
| 999 |
_c609517 _d609517 |
||